000 00666nam a2200217 i 4500
001 94933
003 ES-MaACL
005 20250813062717.0
007 t|
008 050518s1982 sp ||||1| spa d
100 1 _aLuis, Agustina Bessa.
_9184344
245 1 0 _aCuentos impopulares /
_cAgustina Bessa Luis; [traducción: María Fernanda de Abreu y Jorge A. Andrade].
260 _aMadrid :
_bAlianza,
_c1982.
300 _a245 p. ;
_c20 cm.
490 1 _aAlianza tres ;
_v94
700 1 _aAbréu, María Fernanda de,
_918155
700 1 _aAndrade, Jorge A.
_921510
830 0 0 _aAlianza tres
_v94
_9177344
852 _aES-MaACL
_jL-3487
999 _c94933
_d94933